000
00300nam a2200121Ia 4500
008
220204s9999 xx 000 0 und d
082
_a
621.38
_b
MIL.5
245
0
_a
Basic electronics. V 5
260
_a
Bombay
_b
Taraporevala
_c
1967
650
_a
Power circuits
700
_a
Mileaf, Harry
942
_c
BK
999
_c
22722
_d
22722